Misión Económica Argentina
Colección:
San Jorge,
; núm. 15 (juliol 1954), pàg 110
Idioma:
Español
MARC
| LEADER | 00000naa a2200000 a 4500 | ||
|---|---|---|---|
| 003 | Arxiu | ||
| 005 | 20260324181038.0 | ||
| 008 | 160829s1954 spc xx s spa c | ||
| 040 | |a AGDB | ||
| 245 | |a Misión Económica Argentina | ||
| 490 | |a San Jorge, |v núm. 15 (juliol 1954), pàg 110 | ||
| 650 | 0 | |a Ambaixadors |z Argentina |9 31443 | |
| 650 | 0 | |a Visites oficials |9 31008 |z Barcelona (Catalunya) | |
| 773 | |g Núm. 15 (juliol 1954), pàg 110 |t San Jorge. | ||
| 901 | |a Arxiu | ||
| 942 | |n 1 |2 udc |c ART | ||
| 952 | |0 0 |1 0 |4 0 |6 REV509 |7 1 |9 65016 |a Arxiu |b Arxiu |d 2023-01-11 |l 0 |o Rev-509 |r 2023-01-11 00:00:00 |w 2023-01-11 |y ARXIU |z També disponible a Rev-523 | ||
| 999 | |c 48779 |d 48779 | ||